Statistics for Six Flags Fiesta Texas - Roller Coasters

Click here to take the quiz!

General Stats

  • This quiz has been taken 190 times
  • The average score is 4 of 7

Answer Stats

Answer% Correct
Superman Krypton Coaster
85%
The Rattler
76%
Goliath
60%
Poltergeist
52%
Road Runner Express
52%
Boomerang
41%
Pandemonium
41%

Score Distribution

Percentile by Number Answered

Percent of People with Each Score

Your Score History

You have not taken this quiz